| 000 | 00353nam a2200133 a 4500 | ||
|---|---|---|---|
| 005 | 20140412111425.0 | ||
| 008 | 090629s19uu xx 00 eng d | ||
| 020 | _a1-904419-02-x | ||
| 050 |
_aM 745.594 _bB81 2002 |
||
| 245 |
_aArt Attack : _bhow to decorate your room!. |
||
| 260 |
_aItaly : _bPanini books, _c2002. |
||
| 300 | _a26p. | ||
| 999 |
_c106207 _d106207 |
||